00660nam a2200229 a 4500001001300000003000900013005001700022008004100039020000800080082001800088100001800106245005200124260004300176300000900219500003500228505001000263650002600273902000800299942000700307952009900314999001700413nice12345678IN_TiNIC20260116015234.0050524s1963 lona grp 000 0 eng  ac400a220.5914bHOO aHooper, J S M aBible Translation in India, Pakistan and Ceylon aLondonbOxford University Press c1963 a226p aincludes index and biblioraphy2 aIndex aBible-Indic Languages bSRS cBK 00104070aHMIbHMId2007-06-15g4.00l0o220.5914 HOOp11000718r2007-06-15w2026-01-16yEB c18871d18871